Chytré balíkové "skříňky" po Česku

Projekt dvoch českých podnikateľov (Robert Boček, Radek Menšík) pre zefektívnenie balíkových služieb. FurtodoBox pre príjem a odosielanie zásielok. Podobný úspešný projekt v Poľsku, Nemecku, Fínsku. Inteligentný box napojený na internet a elektrickú sieť. Benefity pre e-shopy, dopravcov aj domácnost...

Descrizione completa

Salvato in:
Dettagli Bibliografici
Autore principale: Novotný, Radek
Natura: Capitolo di libro
Lingua:ceco
Soggetti:
Tags: Aggiungi Tag
Nessun Tag, puoi essere il primo ad aggiungerne!!

MARC

LEADER 00000naa a2200000 4500
001 0246613
005 20180726110231.0
041 0 |a cze 
044 |a CZ 
245 1 0 |a Chytré balíkové "skříňky" po Česku  |c Radek Novotný 
520 |a Projekt dvoch českých podnikateľov (Robert Boček, Radek Menšík) pre zefektívnenie balíkových služieb. FurtodoBox pre príjem a odosielanie zásielok. Podobný úspešný projekt v Poľsku, Nemecku, Fínsku. Inteligentný box napojený na internet a elektrickú sieť. Benefity pre e-shopy, dopravcov aj domácnosti. 
610 2 0 |a služby logistické 
610 2 0 |a zásielky poštové 
610 2 0 |a efektívnosť 
610 2 0 |a technológie informačné 
610 2 0 |a technológie komunikačné 
610 2 0 |a obchod elektronický 
100 1 |a Novotný, Radek